[Event "LTU-chT"]
[Site "Lithuania"]
[Date "2023.03.05"]
[Round "3.2"]
[White "Vedrickas, Tautvydas"]
[Black "Brazdzionis, Andrius"]
[Result "1-0"]
[WhiteElo "2358"]
[BlackElo "2354"]
[PlyCount "49"]
[EventDate "2023.03.04"]
[EventType "team"]
[EventRounds "7"]
[EventCountry "LTU"]
[SourceTitle "CBM 213 Extra"]
[Source "ChessBase"]
[SourceDate "2023.05.31"]
[SourceVersion "1"]
[SourceVersionDate "2023.05.31"]
[SourceQuality "1"]
[WhiteTeam "Vilnius MRU"]
[BlackTeam "Panevezio Gigant"]
[WhiteTeamCountry "LTU"]
[BlackTeamCountry "LTU"]

1. d4 Nf6 2. c4 e6 3. Nc3 d5 4. Bg5 Be7 5. e3 0-0 6. Qc2 c5 7. Nf3 Nc6 8. Rd1 Qa5 9. a3 h6 10. Bh4 Rd8 11. Be2 cxd4 12. exd4 dxc4 13. Bxc4 Nd5 14. Bxd5 exd5 15. 0-0 Bg4 16. Bxe7 Bxf3 17. Rde1 Re8 18. Bb4 Qa6 19. gxf3 Nxd4 20. Qd1 Qf6 21. Kh1 Nxf3 22. Nxd5 Qf5 23. Re3 Nh4 24. Ne7+ Rxe7 25. Bxe7 1-0

[Event "EU-chT 23rd"]
[Site "Terme Catez"]
[Date "2021.11.21"]
[Round "9.4"]
[White "Johansson, Linus"]
[Black "Brazdzionis, Andrius"]
[Result "0-1"]
[WhiteElo "2479"]
[BlackElo "2356"]
[PlyCount "108"]
[EventDate "2021.11.12"]
[EventType "team-swiss"]
[EventRounds "9"]
[EventCountry "SLO"]
[SourceTitle "CBM 205"]
[Source "ChessBase"]
[SourceDate "2021.12.31"]
[SourceVersion "1"]
[SourceVersionDate "2021.12.31"]
[SourceQuality "1"]
[WhiteTeam "Sweden"]
[BlackTeam "Lithuania"]
[WhiteTeamCountry "SWE"]
[BlackTeamCountry "LTU"]

1. d4 Nf6 2. c4 e6 3. Nf3 d5 4. Nc3 c5 5. cxd5 cxd4 6. Nxd4 Nxd5 7. e4 Nxc3 8. bxc3 a6 9. Qf3 Qc7 10. Be2 Bd6 11. h4 Nd7 12. h5 h6 13. 0-0 Nf6 14. a4 Qa5 15. g3 Bd7 16. Rd1 Qc7 17. a5 Rc8 18. Bd2 Be5 19. Rdb1 0-0 20. Rb6 Bxd4 21. cxd4 Qc2 22. Bb4 Rfe8 23. Bd3 Qb2 24. Rd1 Ba4 25. Rd2 Qa1+ 26. Kh2 Nh7 27. Bc5 Ng5 28. Qe2 Qc1 29. Kg2 e5 30. f3 f5 31. Rb1 Qc3 32. Bb4 Qxd4 33. Bxa6 fxe4 34. f4 exf4 35. Rxd4 f3+ 36. Kf2 fxe2 37. Bxb7 e3+ 38. Kxe2 Bb5+ 39. Ke1 Bc6 40. Bxc6 Rxc6 41. Ke2 Rc2+ 42. Kd3 Ra2 43. Kc3 Rb8 44. Kb3 Rxa5 45. Rb2 Ne6 46. Rc4 Rxh5 47. Kc3 Rhb5 48. Ra2 Nc7 49. Rxc7 Rxb4 50. Re7 e2 51. Ra3 Rb2 52. g4 R8b7 53. Re4 R2b4 54. Rxe2 Rxg4 0-1

[Event "EU-chT 23rd"]
[Site "Terme Catez"]
[Date "2021.11.14"]
[Round "3.17"]
[White "Kjartansson, Gudmundur"]
[Black "Brazdzionis, Andrius"]
[Result "1-0"]
[WhiteElo "2443"]
[BlackElo "2356"]
[PlyCount "111"]
[EventDate "2021.11.12"]
[EventType "team-swiss"]
[EventRounds "9"]
[EventCountry "SLO"]
[SourceTitle "CBM 205"]
[Source "ChessBase"]
[SourceDate "2021.12.31"]
[SourceVersion "1"]
[SourceVersionDate "2021.12.31"]
[SourceQuality "1"]
[WhiteTeam "Iceland"]
[BlackTeam "Lithuania"]
[WhiteTeamCountry "ISL"]
[BlackTeamCountry "LTU"]

1. c4 e6 2. Nc3 d5 3. d4 c5 4. cxd5 cxd4 5. Qa4+ Bd7 6. Qxd4 exd5 7. Qxd5 Nf6 8. Qb3 Na6 9. e3 Nc5 10. Qd1 Nce4 11. Bd3 Bb4 12. Nge2 Qa5 13. 0-0 Nxc3 14. bxc3 Bd6 15. h3 Rd8 16. Nd4 Qxc3 17. Nb5 Bxb5 18. Bxb5+ Ke7 19. Qb3 Ne4 20. Rb1 Qxb3 21. Rxb3 a6 22. Be2 b5 23. Rd1 Bc5 24. f3 Rxd1+ 25. Bxd1 Rd8 26. Be2 Ng3 27. Bd3 f5 28. Kh2 Bd6 29. Kg1 Bc5 30. Kf2 f4 31. Rc3 Nh1+ 32. Ke2 Ng3+ 33. Kf2 Nh1+ 34. Ke1 fxe3 35. Bxh7 Bd4 36. Rd3 Nf2 37. Rxd4 Rxd4 38. Bxe3 Nd3+ 39. Kd2 Ra4 40. Kxd3 Rxa2 41. g4 a5 42. Bc5+ Kf7 43. Be4 Rh2 44. Bc6 Rxh3 45. Ke3 b4 46. Bb6 Ke6 47. Bxa5 b3 48. Bc3 Rh2 49. Bxg7 b2 50. Be4 Rg2 51. Bc3 Kf7 52. Kf4 Re2 53. Bd3 Rf2 54. g5 Rg2 55. g6+ Ke6 56. g7 1-0

[Event "LTU-ch"]
[Site "Vilnius"]
[Date "2021.10.28"]
[Round "8"]
[White "Malisauskas, Vidmantas"]
[Black "Brazdzionis, Andrius"]
[Result "0-1"]
[WhiteElo "2392"]
[BlackElo "2335"]
[PlyCount "48"]
[EventDate "2021.10.22"]
[EventType "tourn"]
[EventRounds "9"]
[EventCountry "LTU"]
[EventCategory "4"]
[SourceTitle "CBM 204 Extra"]
[Source "ChessBase"]
[SourceDate "2021.11.30"]
[SourceVersion "1"]
[SourceVersionDate "2021.11.30"]
[SourceQuality "1"]

1. c4 Nf6 2. Nc3 c5 3. g3 e6 4. Nf3 d5 5. cxd5 exd5 6. d4 Nc6 7. Bg2 cxd4 8. Nxd4 Bc5 9. Nxc6 bxc6 10. 0-0 0-0 11. Na4 Bb6 12. b3 h5 13. Bb2 h4 14. Nxb6 axb6 15. Qd4 h3 16. Bf3 Re8 17. Rfd1 Be6 18. e3 Qc8 19. Qh4 Bg4 20. Bxf6 Bxf3 21. Rd4 gxf6 22. Qxf6 Be4 23. Qg5+ Bg6 24. Rf4 Qe6 0-1

[Event "LTU-ch Rapid op"]
[Site "Vilnius"]
[Date "2021.07.17"]
[Round "5"]
[White "Brazdzionis, Andrius"]
[Black "Juknis, Paulius"]
[Result "1/2-1/2"]
[WhiteElo "2235"]
[BlackElo "2093"]
[PlyCount "37"]
[EventDate "2021.07.17"]
[EventType "swiss (rapid)"]
[EventRounds "9"]
[EventCountry "LTU"]
[SourceTitle "EXT 2023"]
[Source "ChessBase"]
[SourceDate "2022.10.05"]
[SourceVersion "1"]
[SourceVersionDate "2022.10.05"]
[SourceQuality "1"]

1. d4 f5 2. Bg5 g6 3. Nc3 Bg7 4. e3 Nf6 5. h4 h6 6. Bxf6 Bxf6 7. Nd5 e6 8. Nf4 Rg8 9. Nf3 Nc6 10. Bc4 Qe7 11. Qe2 g5 12. Nh5 g4 13. Nxf6+ Qxf6 14. Nd2 b6 15. 0-0-0 Ne7 16. e4 Bb7 17. exf5 Qxf5 18. Rhg1 0-0-0 19. Ba6 1/2-1/2

[Event "LTU-ch Rapid op"]
[Site "Vilnius"]
[Date "2021.07.17"]
[Round "2"]
[White "Grybas, Gintaras"]
[Black "Brazdzionis, Andrius"]
[Result "1/2-1/2"]
[WhiteElo "1848"]
[BlackElo "2235"]
[PlyCount "64"]
[EventDate "2021.07.17"]
[EventType "swiss (rapid)"]
[EventRounds "9"]
[EventCountry "LTU"]
[SourceTitle "EXT 2023"]
[Source "ChessBase"]
[SourceDate "2022.10.05"]
[SourceVersion "1"]
[SourceVersionDate "2022.10.05"]
[SourceQuality "1"]

1. d4 Nf6 2. c4 e6 3. Nc3 Bb4 4. Qc2 Nc6 5. Nf3 d5 6. cxd5 exd5 7. Bg5 h6 8. Bxf6 Qxf6 9. e3 0-0 10. a3 Bf5 11. Bd3 Bxc3+ 12. Qxc3 Bxd3 13. Qxd3 Ne7 14. 0-0 Nf5 15. b4 a6 16. Ne5 Qe6 17. b5 axb5 18. Qxb5 Nd6 19. Qd7 Qxd7 20. Nxd7 Rfd8 21. Nc5 b6 22. Nd3 Nc4 23. a4 Ra5 24. Nb4 Rda8 25. h3 Nd2 26. Rfd1 Ne4 27. Rdc1 Rxa4 28. Rxa4 Rxa4 29. Nxd5 c5 30. Nxb6 Ra6 31. dxc5 Nxc5 32. Rxc5 Rxb6 1/2-1/2

[Event "LTU-ch Rapid op"]
[Site "Vilnius"]
[Date "2021.07.17"]
[Round "6"]
[White "Indriunas, Matas"]
[Black "Brazdzionis, Andrius"]
[Result "1-0"]
[WhiteElo "2022"]
[BlackElo "2235"]
[PlyCount "79"]
[EventDate "2021.07.17"]
[EventType "swiss (rapid)"]
[EventRounds "9"]
[EventCountry "LTU"]
[SourceTitle "EXT 2023"]
[Source "ChessBase"]
[SourceDate "2022.10.05"]
[SourceVersion "1"]
[SourceVersionDate "2022.10.05"]
[SourceQuality "1"]

1. e4 c5 2. Nf3 d6 3. d4 cxd4 4. Nxd4 Nf6 5. Nc3 a6 6. Bg5 Nbd7 7. Qe2 h6 8. Bh4 g6 9. f4 e5 10. fxe5 dxe5 11. 0-0-0 Qc7 12. Nb3 b5 13. Nd5 Nxd5 14. exd5 Bd6 15. Qd2 f5 16. g4 e4 17. Kb1 g5 18. Bf2 Ne5 19. gxf5 Nf3 20. Qe2 Bxf5 21. Nd4 Nxd4 22. Bxd4 0-0 23. h4 g4 24. Rg1 h5 25. Qd2 Bf4 26. Be3 Bxe3 27. Qxe3 Bg6 28. d6 Qf7 29. Bg2 Qf2 30. Qh6 Qf6 31. Rgf1 Qg7 32. Qg5 Kh7 33. d7 Rxf1 34. Bxf1 Qf8 35. d8Q Rxd8 36. Qxd8 Qxd8 37. Rxd8 g3 38. Bg2 Kg7 39. Kc1 Kf6 40. Kd2 1-0

[Event "LTU-chT"]
[Site "Lithuania"]
[Date "2021.05.16"]
[Round "7.5"]
[White "Brazdzionis, Andrius"]
[Black "Plunge, Gintautas Jurgis"]
[Result "1-0"]
[WhiteElo "2333"]
[BlackElo "1902"]
[PlyCount "39"]
[EventDate "2021.05.07"]
[EventType "team-swiss"]
[EventRounds "7"]
[EventCountry "LTU"]
[SourceTitle "CBM 202 Extra"]
[Source "ChessBase"]
[SourceDate "2021.07.31"]
[SourceVersion "1"]
[SourceVersionDate "2021.07.31"]
[SourceQuality "1"]
[WhiteTeam "Panevezio Gigant"]
[BlackTeam "Siauliai Drakonas"]
[WhiteTeamCountry "LTU"]
[BlackTeamCountry "LTU"]

1. d4 Nf6 2. c4 c5 3. d5 e5 4. Nc3 d6 5. g3 Na6 6. Bg2 Nc7 7. Nf3 a6 8. a4 b6 9. 0-0 Rb8 10. b3 Be7 11. Ne1 b5 12. axb5 axb5 13. Nd3 Nd7 14. f4 exf4 15. Bxf4 bxc4 16. bxc4 Nb6 17. Nxc5 Bf6 18. N5e4 Bxc3 19. Nxd6+ Kf8 20. Nxf7 1-0

[Event "LTU-chT"]
[Site "Lithuania"]
[Date "2021.05.15"]
[Round "6.3"]
[White "Brazdzionis, Andrius"]
[Black "Limontas, Martynas"]
[Result "1/2-1/2"]
[WhiteElo "2333"]
[BlackElo "2311"]
[PlyCount "98"]
[EventDate "2021.05.07"]
[EventType "team-swiss"]
[EventRounds "7"]
[EventCountry "LTU"]
[SourceTitle "CBM 202 Extra"]
[Source "ChessBase"]
[SourceDate "2021.07.31"]
[SourceVersion "1"]
[SourceVersionDate "2021.07.31"]
[SourceQuality "1"]
[WhiteTeam "Panevezio Gigant"]
[BlackTeam "Vilnius Chess United"]
[WhiteTeamCountry "LTU"]
[BlackTeamCountry "LTU"]

1. d4 Nf6 2. c4 e6 3. Nf3 Bb4+ 4. Bd2 a5 5. Qc2 d6 6. g3 Nbd7 7. Bg2 e5 8. 0-0 0-0 9. Bg5 exd4 10. Nxd4 Re8 11. Nc3 h6 12. Bf4 Nb6 13. Rad1 a4 14. b3 Qe7 15. Nxa4 Nxa4 16. bxa4 Ne4 17. Nb5 Bf5 18. Qb3 Bc5 19. Bxe4 Bxe4 20. Nc3 Bc6 21. Rd3 Qd7 22. e4 b6 23. Be3 Bxe4 24. Nxe4 Rxe4 25. Bxc5 bxc5 26. Qb7 Ree8 27. Re3 Qxa4 28. Rxe8+ Rxe8 29. Qxc7 Qxa2 30. Qc6 Qe2 31. Qd5 Qe4 32. Qxe4 Rxe4 33. Rd1 Re6 34. f3 Kf8 35. Kf2 Ke7 36. Ra1 Kf6 37. Rd1 h5 38. h4 g6 39. Rd2 Ke7 40. Ra2 Re5 41. Ra7+ Ke6 42. Ra6 f6 43. Ra7 Kf5 44. Rd7 Re6 45. Rd8 g5 46. Rh8 Kg6 47. hxg5 fxg5 48. Rg8+ Kf6 49. Rh8 Kg6 1/2-1/2

[Event "LTU-ch"]
[Site "Vilnius"]
[Date "2020.11.26"]
[Round "8.1"]
[White "Brazdzionis, Andrius"]
[Black "Vardanyan, Aras"]
[Result "1-0"]
[WhiteElo "2317"]
[BlackElo "2199"]
[PlyCount "49"]
[EventDate "2020.11.20"]
[EventType "tourn"]
[EventRounds "9"]
[EventCountry "LTU"]
[EventCategory "6"]
[SourceTitle "CBM 199 Extra"]
[Source "ChessBase"]
[SourceDate "2021.01.31"]
[SourceVersion "1"]
[SourceVersionDate "2021.01.31"]
[SourceQuality "1"]

1. d4 Nf6 2. c4 e6 3. Nc3 Bb4 4. g3 c5 5. Nf3 b6 6. Bg2 Bb7 7. 0-0 cxd4 8. Nb5 a6 9. Nbxd4 0-0 10. Qa4 Be7 11. Rd1 d6 12. Be3 Qc7 13. Rac1 Nbd7 14. Ne1 Rac8 15. Nd3 Ng4 16. Bd2 Bf6 17. c5 Bxg2 18. Kxg2 Nxf2 19. cxb6 Qb7+ 20. Kxf2 Nxb6 21. Qb4 a5 22. Qb5 Rxc1 23. Rxc1 Bxd4+ 24. e3 Bf6 25. Rc6 1-0

[Event "LTU-ch"]
[Site "Vilnius"]
[Date "2020.11.25"]
[Round "7.1"]
[White "Dambrauskas, Virginijus A"]
[Black "Brazdzionis, Andrius"]
[Result "1/2-1/2"]
[WhiteElo "2220"]
[BlackElo "2317"]
[PlyCount "29"]
[EventDate "2020.11.20"]
[EventType "tourn"]
[EventRounds "9"]
[EventCountry "LTU"]
[EventCategory "6"]
[SourceTitle "CBM 199 Extra"]
[Source "ChessBase"]
[SourceDate "2021.01.31"]
[SourceVersion "1"]
[SourceVersionDate "2021.01.31"]
[SourceQuality "1"]

1. d4 Nf6 2. c4 e6 3. Nf3 d5 4. Nc3 Bb4 5. cxd5 exd5 6. Qa4+ Nc6 7. Bg5 h6 8. Bxf6 Qxf6 9. e3 0-0 10. Rc1 Qg6 11. Qb3 Rd8 12. a3 Ba5 13. h3 a6 14. Qa2 Bxc3+ 15. Rxc3 1/2-1/2

[Event "LTU-ch"]
[Site "Vilnius"]
[Date "2020.11.22"]
[Round "3"]
[White "Rozentalis, Eduardas"]
[Black "Brazdzionis, Andrius"]
[Result "1-0"]
[WhiteElo "2538"]
[BlackElo "2317"]
[PlyCount "119"]
[EventDate "2020.11.20"]
[EventType "tourn"]
[EventRounds "9"]
[EventCountry "LTU"]
[EventCategory "6"]
[SourceTitle "CBM 199 Extra"]
[Source "ChessBase"]
[SourceDate "2021.01.31"]
[SourceVersion "1"]
[SourceVersionDate "2021.01.31"]
[SourceQuality "1"]

1. e4 c5 2. Nf3 d6 3. Bb5+ Nd7 4. 0-0 a6 5. Bxd7+ Bxd7 6. d4 cxd4 7. Qxd4 Rc8 8. a4 e5 9. Qd3 h6 10. c4 Qc7 11. b3 b5 12. axb5 axb5 13. Na3 bxc4 14. Nxc4 Be6 15. Ra4 Nf6 16. Be3 Be7 17. Rd1 0-0 18. Ra7 Qd8 19. h3 Qe8 20. Nb6 Rd8 21. Qc2 Nd7 22. Nd5 Bxd5 23. Rxd5 Rc8 24. Qb1 Nf6 25. Rd2 Ra8 26. Rda2 Rxa7 27. Rxa7 d5 28. exd5 Nxd5 29. Bd2 Qb8 30. Rd7 Qb5 31. Nxe5 Bf6 32. Qd3 Qxd3 33. Nxd3 Rd8 34. Rxd8+ Bxd8 35. Nf4 Nxf4 36. Bxf4 f5 37. Kf1 Kf7 38. Ke2 Ke6 39. Kd3 Kd5 40. Be3 h5 41. b4 g5 42. f3 g4 43. b5 Bc7 44. b6 Bd6 45. Kc3 Kc6 46. Kc4 Ba3 47. Kb3 Be7 48. Ka4 Bf6 49. Ka5 Kb7 50. Kb5 Bd8 51. Bd4 Be7 52. Be5 Ba3 53. Bc7 Be7 54. Kc4 Kc6 55. Kd4 Bf6+ 56. Be5 Bh4 57. b7 Bf2+ 58. Kc4 Kxb7 59. Kd5 gxh3 60. gxh3 1-0

[Event "LTU-ch"]
[Site "Vilnius"]
[Date "2020.11.20"]
[Round "1"]
[White "Indriunas, Matas"]
[Black "Brazdzionis, Andrius"]
[Result "0-1"]
[WhiteElo "2235"]
[BlackElo "2317"]
[PlyCount "80"]
[EventDate "2020.11.20"]
[EventType "tourn"]
[EventRounds "9"]
[EventCountry "LTU"]
[EventCategory "6"]
[SourceTitle "CBM 199 Extra"]
[Source "ChessBase"]
[SourceDate "2021.01.31"]
[SourceVersion "1"]
[SourceVersionDate "2021.01.31"]
[SourceQuality "1"]

1. e4 c5 2. Nf3 d6 3. d4 cxd4 4. Nxd4 Nf6 5. Nc3 a6 6. h3 e6 7. g4 Nfd7 8. Be3 b5 9. Bg2 Bb7 10. Qd2 Nc6 11. f4 Nxd4 12. Bxd4 e5 13. Be3 exf4 14. Bxf4 Qh4+ 15. Qf2 Qxf2+ 16. Kxf2 Rc8 17. Rac1 Ne5 18. Ne2 Be7 19. Rhd1 f6 20. b3 h5 21. gxh5 Rxh5 22. Ng3 Rh4 23. Be3 g6 24. c3 Kf7 25. Ke2 Rch8 26. c4 bxc4 27. bxc4 Bc8 28. c5 Bxh3 29. Bxh3 Rxh3 30. cxd6 Rxg3 31. Rc7 Rh2+ 32. Bf2 Ng4 33. Rxe7+ Kf8 34. Rf1 Re3+ 35. Kd2 Rf3 36. Ke2 Rhxf2+ 37. Rxf2 Rxf2+ 38. Ke1 Rf4 39. Re6 Ne5 40. Kd1 g5 0-1

[Event "Plunge op 40th"]
[Site "Plateliai"]
[Date "2020.07.14"]
[Round "3"]
[White "Butvilas, Aistis"]
[Black "Brazdzionis, Andrius"]
[Result "1-0"]
[WhiteElo "2103"]
[BlackElo "2342"]
[PlyCount "115"]
[EventDate "2020.07.13"]
[EventType "swiss"]
[EventRounds "9"]
[EventCountry "LTU"]
[SourceTitle "CBM 197 Extra"]
[Source "ChessBase"]
[SourceDate "2020.09.30"]
[SourceVersion "1"]
[SourceVersionDate "2020.09.30"]
[SourceQuality "1"]

1. d4 Nf6 2. c4 e6 3. Nc3 Bb4 4. f3 c5 5. d5 b5 6. e4 0-0 7. Nh3 bxc4 8. Bxc4 Nxd5 9. Bxd5 exd5 10. Qxd5 Ba6 11. Bf4 Nc6 12. Kf2 c4 13. Rhd1 Be7 14. Kf1 Qb6 15. Rd2 Rac8 16. Bd6 Nb4 17. Qd4 Qxd4 18. Rxd4 Bxd6 19. Rxd6 Rb8 20. Rad1 Bc8 21. Nf4 Re8 22. R1d2 Kf8 23. h4 Ke7 24. R6d4 Nc6 25. Rd5 f6 26. Kg1 Ne5 27. Ra5 a6 28. Nfd5+ Kf7 29. Ne3 Rd8 30. Ra4 Bb7 31. Nxc4 Nxc4 32. Rxc4 Bc6 33. Rcd4 a5 34. Nd5 Rb5 35. Ne3 Rdb8 36. b3 g6 37. Kf2 Rh5 38. Kg3 a4 39. b4 f5 40. exf5 gxf5 41. a3 Ke7 42. Kf2 Rf8 43. Nd5+ Bxd5 44. Rxd5 Rxh4 45. Rxd7+ Ke6 46. R7d6+ Ke7 47. Ra6 Rc8 48. Rxa4 Rc1 49. Ra7+ Ke6 50. Ra6+ Ke7 51. Kg3 Rch1 52. Rad6 f4+ 53. Kf2 Ra1 54. R6d4 Rxa3 55. Rb2 Ke6 56. b5 Ke5 57. b6 Rh1 58. b7 1-0

[Event "Panevezys Kveinys Memorial op"]
[Site "Panevezys"]
[Date "2020.06.27"]
[Round "2"]
[White "Starostits, Ilmars"]
[Black "Brazdzionis, Andrius"]
[Result "1/2-1/2"]
[WhiteElo "2490"]
[BlackElo "2342"]
[PlyCount "22"]
[EventDate "2020.06.26"]
[EventType "swiss"]
[EventRounds "9"]
[EventCountry "LTU"]
[SourceTitle "CBM 197 Extra"]
[Source "ChessBase"]
[SourceDate "2020.09.30"]
[SourceVersion "1"]
[SourceVersionDate "2020.09.30"]
[SourceQuality "1"]

1. d4 Nf6 2. Nf3 d5 3. c4 e6 4. g3 dxc4 5. Qa4+ Nbd7 6. Bg2 a6 7. Qxc4 b5 8. Qc2 Bb7 9. 0-0 c5 10. a4 b4 11. a5 Rc8 1/2-1/2

[Event "Panevezys Kveinys Memorial op"]
[Site "Panevezys"]
[Date "2020.06.26"]
[Round "1"]
[White "Malisauskas, Vidmantas"]
[Black "Brazdzionis, Andrius"]
[Result "0-1"]
[WhiteElo "2423"]
[BlackElo "2342"]
[PlyCount "62"]
[EventDate "2020.06.26"]
[EventType "swiss"]
[EventRounds "9"]
[EventCountry "LTU"]
[SourceTitle "CBM 197 Extra"]
[Source "ChessBase"]
[SourceDate "2020.09.30"]
[SourceVersion "1"]
[SourceVersionDate "2020.09.30"]
[SourceQuality "1"]

1. Nf3 Nf6 2. c4 e6 3. Nc3 d5 4. d4 Bb4 5. Bg5 dxc4 6. e4 c5 7. Bxc4 cxd4 8. Nxd4 Bxc3+ 9. bxc3 Qa5 10. Bd2 0-0 11. Qe2 Nbd7 12. 0-0 Ne5 13. Bb3 b6 14. a4 Bb7 15. f3 Qc5 16. Rfc1 Rfc8 17. Be3 Qe7 18. a5 bxa5 19. Rxa5 Qc7 20. Qa2 a6 21. Bf4 Nxf3+ 22. gxf3 Qxf4 23. Qa1 e5 24. Nf5 Qxf3 25. Nd6 Qe3+ 26. Kh1 Bxe4+ 27. Nxe4 Qxe4+ 28. Kg1 Qe3+ 29. Kh1 Rd8 30. Rd1 Rxd1+ 31. Qxd1 h6 0-1

[Event "LTU-chT"]
[Site "Lithuania"]
[Date "2020.01.26"]
[Round "2.1"]
[White "Kalvaitis, Sigitas"]
[Black "Brazdzionis, Andrius"]
[Result "1-0"]
[WhiteElo "2159"]
[BlackElo "2355"]
[PlyCount "63"]
[EventDate "2020.01.25"]
[EventType "team-swiss"]
[EventRounds "7"]
[EventCountry "LTU"]
[SourceTitle "CBM 195 Extra"]
[Source "ChessBase"]
[SourceDate "2020.05.31"]
[SourceVersion "1"]
[SourceVersionDate "2020.05.31"]
[SourceQuality "1"]
[WhiteTeam "Plunge Bokstas"]
[BlackTeam "Panevezio Gigant"]
[WhiteTeamCountry "LTU"]
[BlackTeamCountry "LTU"]

1. e4 d6 2. d4 Nf6 3. Nc3 g6 4. f4 Bg7 5. Nf3 0-0 6. Be3 b6 7. Qd2 Bb7 8. e5 Ng4 9. 0-0-0 Nxe3 10. Qxe3 c5 11. h4 Nd7 12. h5 cxd4 13. Rxd4 Bxf3 14. Qxf3 dxe5 15. Rd2 Qc8 16. hxg6 h6 17. gxf7+ Kh8 18. Bb5 Nc5 19. fxe5 Qe6 20. Be8 Rb8 21. Qd5 Qg4 22. Kb1 Qg5 23. Re2 e6 24. Qd2 Qxd2 25. Rxd2 Bxe5 26. Rxh6+ Kg7 27. Rh3 Bxc3 28. bxc3 Rbxe8 29. fxe8N+ Rxe8 30. Rf2 Rd8 31. Rg3+ Kh6 32. Rf1 1-0

[Event "LTU-chT"]
[Site "Lithuania"]
[Date "2020.01.25"]
[Round "1.1"]
[White "Brazdzionis, Andrius"]
[Black "Povilaitis, Tomas"]
[Result "1-0"]
[WhiteElo "2355"]
[BlackElo "1928"]
[PlyCount "51"]
[EventDate "2020.01.25"]
[EventType "team-swiss"]
[EventRounds "7"]
[EventCountry "LTU"]
[SourceTitle "CBM 195 Extra"]
[Source "ChessBase"]
[SourceDate "2020.05.31"]
[SourceVersion "1"]
[SourceVersionDate "2020.05.31"]
[SourceQuality "1"]
[WhiteTeam "Panevezio Gigant"]
[BlackTeam "Siauliai Dubysa"]
[WhiteTeamCountry "LTU"]
[BlackTeamCountry "LTU"]

1. d4 f5 2. c4 Nf6 3. Nc3 e6 4. Bf4 Bb4 5. e3 Bxc3+ 6. bxc3 0-0 7. Bd3 d6 8. h3 Qe8 9. Ne2 e5 10. Bh2 b6 11. Qb1 Bb7 12. Rg1 Be4 13. g4 Bxd3 14. Qxd3 e4 15. Qc2 fxg4 16. hxg4 Qf7 17. g5 Nh5 18. Qxe4 Qxf2+ 19. Kd2 Qf3 20. Qe6+ Qf7 21. Qg4 g6 22. Raf1 Qxc4 23. Rxf8+ Kxf8 24. Qf3+ Kg7 25. Qxa8 Qxa2+ 26. Ke1 1-0

[Event "EU-Cup 35th"]
[Site "Ulcinj"]
[Date "2019.11.15"]
[Round "6.12"]
[White "Beikert, Guenther"]
[Black "Brazdzionis, Andrius"]
[Result "1-0"]
[WhiteElo "2380"]
[BlackElo "2355"]
[PlyCount "77"]
[EventDate "2019.11.10"]
[EventType "team-swiss"]
[EventRounds "7"]
[EventCountry "MNE"]
[SourceTitle "CBM 193 Extra"]
[Source "ChessBase"]
[SourceDate "2020.01.31"]
[SourceVersion "1"]
[SourceVersionDate "2020.01.31"]
[SourceQuality "1"]
[WhiteTeam "Viernheim"]
[BlackTeam "MRU ROSK Consulting"]
[WhiteTeamCountry "GER"]
[BlackTeamCountry "LTU"]

1. c4 e6 2. g3 Nf6 3. Bg2 d5 4. Nf3 dxc4 5. Qa4+ Bd7 6. Qxc4 c5 7. Ne5 Qc8 8. Nxd7 Nbxd7 9. 0-0 Be7 10. d4 0-0 11. dxc5 Nxc5 12. Nc3 a6 13. e4 b5 14. Qe2 e5 15. f4 Bd6 16. Rd1 Qc7 17. f5 b4 18. Nd5 Nxd5 19. exd5 Qe7 20. Be3 Rac8 21. Rac1 Rc7 22. Rc4 b3 23. axb3 Nxb3 24. Rh4 g6 25. Kh1 Rb8 26. Qxa6 Nd4 27. Bxd4 exd4 28. Rhxd4 Rxb2 29. Re4 Qd8 30. Re2 Rcc2 31. Rxc2 Rxc2 32. Qd3 Qc7 33. Qe3 Kg7 34. f6+ Kxf6 35. Qh6 Qc5 36. Qxh7 Rc1 37. Qh8+ Ke7 38. Qh4+ Kf8 39. Qh6+ 1-0

[Event "EU-Cup 35th"]
[Site "Ulcinj"]
[Date "2019.11.13"]
[Round "4.9"]
[White "Georgiadis, Ioannis"]
[Black "Brazdzionis, Andrius"]
[Result "1/2-1/2"]
[WhiteElo "2491"]
[BlackElo "2355"]
[PlyCount "74"]
[EventDate "2019.11.10"]
[EventType "team-swiss"]
[EventRounds "7"]
[EventCountry "MNE"]
[SourceTitle "CBM 193 Extra"]
[Source "ChessBase"]
[SourceDate "2020.01.31"]
[SourceVersion "1"]
[SourceVersionDate "2020.01.31"]
[SourceQuality "1"]
[WhiteTeam "Riehen SG"]
[BlackTeam "MRU ROSK Consulting"]
[WhiteTeamCountry "SUI"]
[BlackTeamCountry "LTU"]

1. e4 e6 2. d4 d5 3. Nd2 c5 4. Ngf3 cxd4 5. Nxd4 Nc6 6. Bb5 Bd7 7. Nxc6 bxc6 8. Bd3 Bd6 9. Qe2 Ne7 10. e5 Bc7 11. 0-0 Ng6 12. f4 0-0 13. Nf3 Qe7 14. Bd2 f6 15. Rae1 Bb6+ 16. Kh1 f5 17. g4 c5 18. gxf5 exf5 19. c4 d4 20. h3 Bc6 21. Kh2 Bxf3 22. Qxf3 Nh4 23. Qe2 a5 24. Rg1 Qb7 25. Ref1 Bd8 26. Be1 Ng6 27. Rg2 Ra6 28. Qh5 Qf7 29. Qf3 Kh8 30. Qd5 Qc7 31. Bg3 Ne7 32. Qf3 Rh6 33. Rfg1 Ng6 34. Be1 Bh4 35. Bd2 Bd8 36. Be1 Bh4 37. Bd2 Bd8 1/2-1/2

[Event "EU-chT 22nd"]
[Site "Batumi"]
[Date "2019.10.24"]
[Round "1.16"]
[White "Brazdzionis, Andrius"]
[Black "Georgescu, Tiberiu Marian"]
[Result "1/2-1/2"]
[WhiteElo "2355"]
[BlackElo "2508"]
[PlyCount "61"]
[EventDate "2019.10.24"]
[EventType "team-swiss"]
[EventRounds "9"]
[EventCountry "GEO"]
[SourceTitle "CBM 193"]
[Source "ChessBase"]
[SourceDate "2019.12.31"]
[SourceVersion "1"]
[SourceVersionDate "2019.12.31"]
[SourceQuality "1"]
[WhiteTeam "Lithuania"]
[BlackTeam "Romania"]
[WhiteTeamCountry "LTU"]
[BlackTeamCountry "ROU"]

1. d4 Nf6 2. c4 e6 3. Nf3 d5 4. g3 Bb4+ 5. Bd2 Be7 6. Bg2 c6 7. Qc2 Nbd7 8. 0-0 0-0 9. Rd1 b6 10. b3 Ne4 11. Nc3 Nxd2 12. Nxd2 Bb7 13. e4 Rc8 14. Qd3 c5 15. exd5 cxd4 16. Nce4 exd5 17. cxd5 Bxd5 18. Qxd4 Be6 19. Nc4 Bf6 20. Nxf6+ Qxf6 21. Qxf6 Nxf6 22. Nd6 Rc5 23. Rac1 Rxc1 24. Rxc1 Rd8 25. Nb5 a5 26. Bf3 g6 27. Nc7 Bg4 28. Bxg4 Nxg4 29. h3 Ne5 30. f4 Nd3 31. Rd1 1/2-1/2